000 00840nmm a2200265 a 4500
001 ocm0001232069
003 TR-IsHL
005 20201028155834.0
008 150709s2008 tu tur
007 cr cn
020 _a9789944742078
035 _a1232069
_b(N$T)
050 0 4 _aPL248.V873
_bD86 2008
090 0 4 _aPL248.V873
_bD86 2008
100 1 _aVural, Reyhan
245 1 0 _aDünden bugüne Tirebolu
_h[electronic resource] /
_cReyhan Vural
260 _aİstanbul :
_bArı Sanat Yayınları,
_c2008
300 _a128 p.
650 4 _aDil ve Edebiyat
650 4 _aLanguage and Literature
650 0 _aTürk anıları
650 0 _aTurkish memories
650 7 _aLITERARY COLLECTIONS / Middle Eastern
_2bisacsh
856 4 0 _uhttp://search.ebscohost.com/login.aspx?direct=true&scope=site&db=e011xww&AN=1232069
999 _c13291
_d13291